Planetary politics (Record no. 4978)
[ view plain ]
| 000 -LEADER | |
|---|---|
| fixed length control field | 00529nam a2200193Ia 4500 |
| 020 ## - INTERNATIONAL STANDARD BOOK NUMBER | |
| ISBN | 0-7425-4199-1 |
| 082 ## - DEWEY DECIMAL CLASSIFICATION NUMBER | |
| Classification number | 327 PLA-B |
| 245 #0 - TITLE STATEMENT | |
| Title | Planetary politics |
| 260 ## - PUBLICATION, DISTRIBUTION, ETC. (IMPRINT) | |
| Place of publication | Lanham |
| Name of publisher | Rowman & Littlefield Publishers, INC. |
| Year of publication | 2005 |
| 300 ## - PHYSICAL DESCRIPTION | |
| Number of Pages | x, 231 |
| 440 ## - SERIES STATEMENT/ADDED ENTRY--TITLE | |
| Title | Perspectives on modern society and culture |
| 650 ## - SUBJECT ADDED ENTRY--TOPICAL TERM | |
| Topical Term | Terrorism |
| 650 ## - SUBJECT ADDED ENTRY--TOPICAL TERM | |
| Topical Term | Internationalism |
| 650 ## - SUBJECT ADDED ENTRY--TOPICAL TERM | |
| Topical Term | Human rights |
| 650 ## - SUBJECT ADDED ENTRY--TOPICAL TERM | |
| Topical Term | United States |
| Form subdivision | Foreign relations |
| Geographic subdivision | 2001 |
| 700 ## - ADDED ENTRY--PERSONAL NAME | |
| Personal name | Thomp, Michael J. |
| 700 ## - ADDED ENTRY--PERSONAL NAME | |
| Personal name | Bronner, Stephen Eric |
| 942 ## - ADDED ENTRY ELEMENTS (KOHA) | |
| Koha item type | Books |
| Withdrawn status | Lost status | Damaged status | Not for loan | Home library | Current library | Date acquired | Source of acquisition | Bill Date | Full call number | Accession Number | Price effective from | Koha item type |
|---|---|---|---|---|---|---|---|---|---|---|---|---|
| NASSDOC Library | NASSDOC Library | 27/03/2006 | IBD | 2006-03-06 | 327 PLA-B | 41726 | 18/04/2019 | Books |
